000
00408nam a22001697a 4500
003
MPLRDC
005
20220104124233.0
008
210129b ||||| |||| 00| 0 eng d
082
_a
177.3 DHH-4
100
_a
多湖辉著
245
_a
语言心理战
_c
260
_a
_b
将门文物出版有限公司
_c
1989
300
_b
平
490
_a
人际关系丛书
650
_a
942
_c
BK
_o
177.3 DHH-4
999
_c
17728
_d
17718